000 00734nam a2200229 4500
001 124060
003 ES-MaACL
005 20231220202827.0
007 t|
008 070214s1941 ag r ||||1| spa d
100 1 _aJiménez de Asúa, Felipe.
_966490
245 1 3 _aEl pensamiento vivo de Cajal /
_cpresentado por Felipe Jiménez de Asúa.
250 _a2ª ed.
260 _aBuenos Aires :
_bLosada,
_c1941.
300 _a232 p., 1 retr. ;
_c18 cm.
490 1 _aBiblioteca del pensamiento vivo ;
_v15
600 1 4 _aRamón y Cajal, Santiago,
_d1852-1934
_9226468
650 4 _aSistema nervioso.
_917133
830 1 _aBiblioteca del pensamiento vivo ;
_v15
_9182964
852 _aES-MaACL
_jD-5662
999 _c124060
_d124060